000 00922nam a2200325 a 4500
001 vtls000340047
003 NLI
005 20210602162844.0
008 110113s2002 nyua e d 000 0 eng d
020 _a007042313X
039 9 _y201101131908
_zVLOAD
040 _aNLI :
_beng
_cNLMARC21
044 _anyu
082 0 _a503
_222
245 1 0 _aMcGraw Hill dictionary of scientific and technical terms
250 _a6th ed.
260 _aNew York :
_bMcGraw-Hill,
_c2002
300 _axvii, 2380 p. :
_bill.;
_c28 cm.
650 0 _aScience
_vDictionaries
_9152803
650 0 _aTechnology
_vDictionaries
_9506189
740 0 2 _aDictionary of scientific and technical terms
887 _amrinal ac
901 _a549069
_b30.12.04
902 _aCata,Divn 503 M 178
904 _amrinal
905 _aac
949 _AVIRTUAITEM
_D10000
_X100
_6PUR000549069ENG
942 _2ddc
_cBKS
999 _aVIRTUA40
_c299486
_d299486